000 00585nam a2200157 a 4500
001 BRCA_1506
005 20190320203445.0
008 910102s1989 mx-a---##b---#000-0#spa-#
050 4 _aN6999.B4
_b.A54 1989
245 1 0 _aAngelina Beloff
_bilustradora y grabadora.
260 _aMéxico
_bMuseo Estudio Diego Rivera : CONACULTA : INBA : Instituto Francés de América Latina : Centro de Artes Visuales e Investigaciones Estéticas
_c1989
300 _a95 p.
_bil.
_c23 cm.
504 _aBibliografía: p. [96]
600 1 4 _aBeloff, Angelina
_d1879-1969
_vExposiciones
_94913
942 _2lcc
_cB
999 _c1365
_d1365